| 000 | 00447nam a2200181Ia 4500 | ||
|---|---|---|---|
| 001 | 1164 | ||
| 005 | 20260306140611.0 | ||
| 008 | 260306t2007||||xx |||||||||||||| ||spa|| | ||
| 041 | _aESP | ||
| 082 |
_a185 _bC32 |
||
| 100 |
_aCasanova G., Carlos Augusto _eAUT |
||
| 245 | 0 |
_aEl ser, Dios y la ciencia: _bsegún Aristóteles |
|
| 260 | _c2007 | ||
| 300 |
_a194 páginas : _c24 cm. |
||
| 650 | _aGEN | ||
| 654 | _aCHU | ||
| 942 |
_cLIB _dJUS _fJUS _2ddc _n |
||
| 999 |
_c1164 _d1164 |
||